000 00464nam a2200181 a 4500
001 7231
003 CO-ViMGA
008 141112s2004 ck r 000 u spa d
040 _aCO-ViMGA
_bspa
_cCO-ViMGA
082 0 4 _a728 M641
100 1 _aMoia, Jose Luis
_96384
245 1 0 _aCómo se construye una vivienda
250 _a7a
260 _aBarcelona :
_bGustavo Gili,
_c1993
300 _a110 p : il
650 1 4 _aVIVIENDA - CONSTRUCCION
_96385
942 _2ddc
_cBK
999 _c19190
_d19190